00370nam a2200145Ia 4500008004100000020001500041041001200056082001600068100002500084245006000109250000800169260002500177300000800202650001400210221030s9999 xx 000 0 und d a8120315766 aEnglish a105.23bBen aS. K. Banerji ( PR ) 0aEnvironmental Chemistry ( PR )cby S. K. Banerji ( PR ) a2ND bPHIaNew Delhic1999 a178 aChemistry